[Event "CFriend CP.2005.P.00018"]
[Site "Chessfriend.com"]
[Date "2005.10.01"]
[Round "1"]
[White "Bossenbroek, Hendrik Jan"]
[Black "Luptak, Jozef"]
[Result "1-0"]
[WhiteElo "1977"]
[BlackElo "1875"]
[PlyCount "75"]
[EventDate "2005.10.01"]
[EventType "tourn (corr)"]
[EventRounds "1"]
[SourceTitle "Telechess CBM 127"]
[Source "C hessBase"]
[SourceDate "2008.11.13"]
[SourceVersion "1"]
[SourceVersionDate "2008.11.13"]
[SourceQuality "1"]

1. d4 Nf6 2. c4 g6 3. Nf3 Bg7 4. g3 d6 5. Bg2 0-0 6. 0-0 Nbd7 7. Qc2 e5 8. Rd1 Qe7 9. Nc3 c6 10. b3 Re8 11. e4 exd4 12. Nxd4 Nc5 13. f3 a5 14. Be3 Nfd7 15. Bf2 Ne5 16. h3 a4 17. Rab1 axb3 18. axb3 Na6 19. Na2 Nc5 20. Nc1 Ra3 21. Nce2 h5 22. f4 Ned7 23. Nc3 Nf8 24. b4 Nce6 25. Nde2 h4 26. Qc1 hxg3 27. Bxg3 Ra8 28. f5 gxf5 29. exf5 Ng5 30. Bf4 Ngh7 31. Ng3 Qh4 32. Rd3 Be5 33. Rf3 Nf6 34. Bxe5 Rxe5 35. Qd2 d5 36. Kh2 dxc4 37. Rf4 Qh8 38. Rg1 1-0

[Event "CFriend AP-2005-Q-00008 email"]
[Site "Chessfriend.com"]
[Date "2005.04.15"]
[Round "1"]
[White "Eshuis, Hans"]
[Black "Luptak, Jozef"]
[Result "0-1"]
[WhiteElo "1842"]
[BlackElo "1875"]
[PlyCount "54"]
[EventDate "2005.??.??"]
[EventType "tourn (corr)"]
[EventRounds "12"]
[SourceTitle "Corr 2024"]
[Source "ChessBase"]
[SourceDate "2023.10.19"]
[SourceVersion "1"]
[SourceVersionDate "2023.10.19"]
[SourceQuality "1"]

1. d4 Nf6 2. c4 g6 3. Nc3 Bg7 4. e4 d6 5. f3 0-0 6. Be3 Nc6 7. Qd2 a6 8. Nge2 Rb8 9. h4 h5 10. Nc1 e5 11. d5 Nd4 12. N1e2 c5 13. dxc6 bxc6 14. Nxd4 exd4 15. Bxd4 Re8 16. Be2 d5 17. 0-0-0 dxe4 18. Qg5 Qe7 19. Bc5 Qb7 20. b3 exf3 21. Bxf3 Ng4 22. Ne4 Bh6 23. Nf6+ Kh8 24. Bxg4 Bxg5+ 25. hxg5 Bxg4 26. Nxg4 Red8 27. Nf6 Qc7 0-1

[Event "CFriend AP-2005-Q-00008 email"]
[Site "Chessfriend.com"]
[Date "2005.04.15"]
[Round "1"]
[White "Tritt, Maciej"]
[Black "Luptak, Jozef"]
[Result "1-0"]
[WhiteElo "2185"]
[BlackElo "1875"]
[PlyCount "39"]
[EventDate "2005.??.??"]
[EventType "tourn (corr)"]
[EventRounds "12"]
[SourceTitle "Corr 2024"]
[Source "ChessBase"]
[SourceDate "2023.10.19"]
[SourceVersion "1"]
[SourceVersionDate "2023.10.19"]
[SourceQuality "1"]

1. e4 Nc6 2. d4 e5 3. dxe5 Nxe5 4. Nc3 Bc5 5. Bf4 Ng6 6. Bg3 d6 7. Qd2 N8e7 8. 0-0-0 0-0 9. h4 Nc6 10. h5 Nge5 11. h6 g6 12. f4 Ng4 13. Re1 Be6 14. f5 gxf5 15. Bh4 f6 16. exf5 Bf7 17. Qf4 Nce5 18. Nf3 Kh8 19. Ne4 Rg8 20. Nxc5 1-0